[Event "Olimpiada de Khanty-Mansiysk 2010"]
[Site "Khanty-Mansiysk RUS"]
[Date "2010.09.24"]
[Round "4"]
[White "Jones, Iolo C"]
[Black "Kahn, Tito"]
[Result "1-0"]
[WhiteElo "2294"]
[BlackElo "2181"]
[PlyCount "183"]
[EventDate "2010.09.21"]
[EventType "team"]
[EventRounds "11"]
[EventCountry "RUS"]
[Source "lmi"]
[SourceDate "2010.09.21"]
[WhiteTeam "Gales"]
[BlackTeam "Islas del Canal"]
[WhiteTeamCountry "WLS"]
[BlackTeamCountry "JCI"]

1. d4 Nf6 2. Nf3 g6 3. Bg5 Bg7 4. c3 O-O 5. Nbd2 d5 6. e3 b6 7. Be2 Bb7 8. O-O
Nbd7 9. Qc2 c5 10. Bf4 Nh5 11. Bg5 Nhf6 12. Rad1 a6 13. h3 b5 14. Bf4 Qb6 15.
Ne5 Rac8 16. Qb1 Rfd8 17. Bf3 Nxe5 18. Bxe5 Qe6 19. Bxf6 Qxf6 20. Nb3 c4 21.
Nc5 Qb6 22. b4 cxb3 23. Qxb3 Bc6 24. a4 e6 25. Rb1 Bf8 26. Nxa6 Qxa6 27. axb5
Bxb5 28. Qxb5 Qxb5 29. Rxb5 Rxc3 30. g3 Rc2 31. Rfb1 Rdc8 32. R5b2 Rc1+ 33.
Rxc1 Rxc1+ 34. Kg2 Ba3 35. Rb3 Bd6 36. Rb7 Rc7 37. Rb6 Ba3 38. Bd1 h5 39. Ba4
Kg7 40. Bc6 Be7 41. Ra6 Bb4 42. Kf3 Be1 43. Ke2 Bb4 44. Rb6 Be7 45. Ra6 Bb4 46.
g4 hxg4 47. hxg4 Be7 48. f4 Bf6 49. Kf3 Kf8 50. Bxd5 Rc3 51. Ke2 Bd8 52. Kd2
Rc7 53. Bc6 Bh4 54. g5 Ke7 55. d5 exd5 56. Bxd5 Rd7 57. Ra5 Bg3 58. Ke2 Rc7 59.
Ra6 Kf8 60. Ra1 Kg7 61. Kf3 Bh2 62. Be4 Rd7 63. Ra2 Bg1 64. Ke2 Re7 65. Kf3 Rd7
66. Ra1 Bh2 67. Bc2 Rc7 68. Bb3 Rb7 69. Bd5 Rd7 70. Rd1 Rc7 71. Be4 Ra7 72. Bd5
Rc7 73. Rb1 Rd7 74. Ke4 Re7+ 75. Kf3 Rd7 76. Bc4 Rc7 77. Be2 f6 78. Rh1 Bxf4
79. gxf6+ Kxf6 80. Kxf4 g5+ 81. Kg4 Rc2 82. Rf1+ Ke6 83. Bf3 Rc5 84. Rh1 Re5
85. Rh6+ Kf7 86. e4 Kg7 87. Rd6 Kf7 88. Rd5 Re7 89. Kxg5 Kg7 90. e5 Kf7 91. Bg4
Kg7 92. Rd7 1-0

[Event "Olimpiada de Khanty-Mansiysk 2010"]
[Site "Khanty-Mansiysk RUS"]
[Date "2010.09.24"]
[Round "4"]
[White "Pesqueira, Jose"]
[Black "Al-Hadarani, Hatim"]
[Result "1-0"]
[WhiteElo "1982"]
[BlackElo "2264"]
[PlyCount "93"]
[EventDate "2010.09.21"]
[EventType "team"]
[EventRounds "11"]
[EventCountry "RUS"]
[Source "lmi"]
[SourceDate "2010.09.21"]
[WhiteTeam "ARU"]
[BlackTeam "Yemen"]
[BlackTeamCountry "YEM"]

1. d4 Nf6 2. c4 e6 3. Nc3 d5 4. Bg5 Be7 5. e3 O-O 6. Nf3 b6 7. Be2 Bb7 8. Bxf6
Bxf6 9. cxd5 exd5 10. b4 Nc6 11. Qb3 Ne7 12. O-O a6 13. a4 Re8 14. Bd3 Ng6 15.
Rac1 Qd7 16. h3 Re7 17. Rfd1 Rae8 18. Rd2 Nh4 19. Nxh4 Bxh4 20. Nd1 Qd6 21.
Rdc2 g6 22. b5 a5 23. Bf1 Bg5 24. Rc3 h5 25. Qc2 Rc8 26. Nb2 Kg7 27. Nd3 Bf6
28. Ne1 Qd7 29. g3 h4 30. g4 g5 31. Bd3 Qd6 32. Bf5 Rce8 33. Ng2 Bc8 34. Rc6
Qa3 35. Bxc8 Rxc8 36. Qf5 Re6 37. R1c2 Qxa4 38. Rxc7 Rxc7 39. Rxc7 Qxb5 40.
Qxe6 Qb1+ 41. Kh2 Qg6 42. Qxd5 a4 43. e4 Kg8 44. Ne3 a3 45. e5 Bg7 46. Nf5 Bf8
47. Rc8 1-0

[Event "Olimpiada de Khanty-Mansiysk 2010"]
[Site "Khanty-Mansiysk RUS"]
[Date "2010.09.24"]
[Round "4"]
[White "Al Qudaimi, Basheer"]
[Black "Croes, Octavio"]
[Result "1-0"]
[WhiteElo "2428"]
[BlackElo "1951"]
[PlyCount "63"]
[EventDate "2010.09.21"]
[EventType "team"]
[EventRounds "11"]
[EventCountry "RUS"]
[Source "lmi"]
[SourceDate "2010.09.21"]
[WhiteTeam "Yemen"]
[BlackTeam "ARU"]
[WhiteTeamCountry "YEM"]

1. e4 c5 2. Ne2 Nc6 3. d4 cxd4 4. Nxd4 g6 5. Nc3 Bg7 6. Be3 Nf6 7. Bc4 Qa5 8.
O-O O-O 9. Nb3 Qc7 10. f4 d6 11. Be2 a6 12. Bf3 Bd7 13. Qd2 Rac8 14. Nd5 Nxd5
15. exd5 Nb8 16. c3 Bb5 17. Rfe1 Nd7 18. Nd4 Qc4 19. a4 Bxa4 20. Be2 Qxd5 21.
Rxa4 e5 22. c4 Qc5 23. Nf5 Qc7 24. Nxg7 Kxg7 25. fxe5 Nc5 26. exd6 Qc6 27. Ra3
Rfd8 28. b4 Ne6 29. c5 b6 30. Rxa6 Rb8 31. Bh6+ Kg8 32. Bc4 1-0

[Event "Olimpiada de Khanty-Mansiysk 2010"]
[Site "Khanty-Mansiysk RUS"]
[Date "2010.09.24"]
[Round "4"]
[White "Tromp, Rigoberto"]
[Black "Abdul, Moula Sabri"]
[Result "0-1"]
[WhiteElo "1992"]
[BlackElo "2189"]
[PlyCount "56"]
[EventDate "2010.09.21"]
[EventType "team"]
[EventRounds "11"]
[EventCountry "RUS"]
[Source "lmi"]
[SourceDate "2010.09.21"]
[WhiteTeam "ARU"]
[BlackTeam "Yemen"]
[BlackTeamCountry "YEM"]

1. d4 Nf6 2. c4 c6 3. Nc3 d5 4. cxd5 cxd5 5. Bg5 Ne4 6. Bf4 Qa5 7. Rc1 Nc6 8.
a3 e5 9. Bd2 Nxd2 10. Qxd2 exd4 11. Nb1 Qxd2+ 12. Nxd2 Be7 13. Ngf3 Bf6 14. b3
O-O 15. h3 h5 16. Kd1 Bf5 17. Ne1 Rac8 18. Nd3 Na5 19. g3 Rc3 20. Rb1 Rfc8 21.
Rb2 Bg5 22. f4 Be7 23. a4 Ba3 24. Rb1 Bxd3 25. exd3 Rc1+ 26. Rxc1 Rxc1+ 27. Ke2
Rc2 28. Kd1 Ra2 0-1

[Event "Olimpiada de Khanty-Mansiysk 2010"]
[Site "Khanty-Mansiysk RUS"]
[Date "2010.09.24"]
[Round "4"]
[White "Gameel, Mohamed"]
[Black "Juddan, Ahmid"]
[Result "1-0"]
[WhiteElo "2216"]
[BlackElo "1832"]
[PlyCount "74"]
[EventDate "2010.09.21"]
[EventType "team"]
[EventRounds "11"]
[EventCountry "RUS"]
[Source "lmi"]
[SourceDate "2010.09.21"]
[WhiteTeam "Yemen"]
[BlackTeam "ARU"]
[WhiteTeamCountry "YEM"]

1. e4 e6 2. d4 b6 3. Be3 Bb7 4. Nd2 Nf6 5. Bd3 d5 6. e5 Ne4 7. c3 c5 8. Ngf3
Be7 9. O-O Nd7 10. Rc1 O-O 11. Bb1 Rc8 12. Nxe4 dxe4 13. Nd2 f5 14. exf6 Nxf6
15. Qe2 Qd5 16. c4 Qc6 17. dxc5 Bxc5 18. Bxc5 e3 19. Nf3 Qxc5 20. Qxe3 Qh5 21.
Qxe6+ Kh8 22. Qf5 Bxf3 23. Qxf3 Ng4 24. Qg3 Rce8 25. h3 Ne5 26. b3 Nf3+ 27.
gxf3 Rxf3 28. Qg4 Qf7 29. Rce1 Rf8 30. Qg2 h5 31. Re3 Rf4 32. Bg6 Qf6 33. Bxh5
g6 34. Qxg6 Rg8 35. Re8 Qxg6+ 36. Bxg6 Rff8 37. Rxf8 Rxf8 1-0

[Event "Olimpiada de Khanty-Mansiysk 2010"]
[Site "Khanty-Mansiysk RUS"]
[Date "2010.09.24"]
[Round "4"]
[White "Chinasamy, Devarajen"]
[Black "Lee, Kiyul"]
[Result "1-0"]
[WhiteElo "2077"]
[BlackElo "1971"]
[PlyCount "139"]
[EventDate "2010.09.21"]
[EventType "team"]
[EventRounds "11"]
[EventCountry "RUS"]
[Source "lmi"]
[SourceDate "2010.09.21"]
[WhiteTeam "Mauricio"]
[BlackTeam "Corea"]
[WhiteTeamCountry "MRI"]
[BlackTeamCountry "KOR"]

1. e4 e5 2. Nf3 Nc6 3. d4 exd4 4. Bc4 Nf6 5. e5 d5 6. Bb5 Ne4 7. Nxd4 Bd7 8.
Bxc6 bxc6 9. O-O Bc5 10. f3 Ng5 11. f4 Ne4 12. Nc3 Bg4 13. Qd3 Bb6 14. Be3 c5
15. Nc6 c4 16. Nxd8 cxd3 17. Bxb6 cxb6 18. Nxe4 dxe4 19. Nb7 d2 20. Nd6+ Ke7
21. Nxe4 d1=Q 22. Rfxd1 Bxd1 23. Rxd1 Rhc8 24. Nc3 Rd8 25. Nd5+ Ke6 26. c4 b5
27. Nc7+ Kf5 28. Rf1 Rab8 29. Nxb5 Rd2 30. b4 Rxa2 31. Nd6+ Ke6 32. b5 a6 33.
Re1 axb5 34. Nxb5 Ke7 35. Rc1 Rb2 36. Nd6 Ke6 37. c5 Rb1 38. Rxb1 Rxb1+ 39. Kf2
Rc1 40. Ne4 h6 41. h3 Ra1 42. Kf3 Kd5 43. Nd6 Ra7 44. Nf5 g6 45. Nxh6 Ke6 46.
Ng4 Rc7 47. Nf2 Rxc5 48. Ne4 Rc7 49. Ng5+ Kd5 50. g3 Ra7 51. Kg4 Rb7 52. h4 Ra7
53. h5 gxh5+ 54. Kxh5 Rb7 55. Kg4 Ra7 56. Kf5 Ra3 57. g4 Ra7 58. Kf6 Ra4 59.
Kf5 Ra7 60. Nh7 Re7 61. Nf6+ Kc6 62. Ne4 Kd7 63. Nd6 Re6 64. Nxf7 Ke7 65. Nd6
Rh6 66. g5 Rh1 67. Kg6 Re1 68. Kg7 Rf1 69. f5 Rg1 70. g6 1-0

[Event "Olimpiada de Khanty-Mansiysk 2010"]
[Site "Khanty-Mansiysk RUS"]
[Date "2010.09.24"]
[Round "4"]
[White "Arauz, Samuel"]
[Black "de Espirito Santo, Silver"]
[Result "1-0"]
[WhiteElo "2146"]
[BlackElo "1858"]
[PlyCount "127"]
[EventDate "2010.09.21"]
[EventType "team"]
[EventRounds "11"]
[EventCountry "RUS"]
[Source "lmi"]
[SourceDate "2010.09.21"]
[WhiteTeam "TPE"]
[BlackTeam "STP"]

1. e4 e6 2. d4 d5 3. exd5 exd5 4. Bd3 Nf6 5. Bg5 Be7 6. Ne2 O-O 7. O-O Bg4 8.
f3 Bh5 9. Re1 Nbd7 10. Nbc3 h6 11. Bh4 g5 12. Bf2 c5 13. Ng3 Bg6 14. Bxg6 fxg6
15. Qe2 Rf7 16. Rad1 Kg7 17. dxc5 Bxc5 18. Nxd5 Qa5 19. Nxf6 Nxf6 20. Bxc5
Qxc5+ 21. Qf2 Qxf2+ 22. Kxf2 Rc8 23. Re2 a6 24. c3 a5 25. Kg1 b5 26. Rd4 Rfc7
27. Ne4 Re7 28. Kf2 Rce8 29. Ng3 h5 30. Rxe7+ Rxe7 31. Ne4 Nxe4+ 32. Rxe4 Rb7
33. Ke3 Kf6 34. Rd4 Re7+ 35. Kd2 Rb7 36. Rd6+ Kf5 37. Rd5+ Kf6 38. Kd3 Rb6 39.
g3 Rb7 40. h3 Rb6 41. Kd4 Rb8 42. Rd6+ Kf5 43. b3 h4 44. Rd5+ Kf6 45. f4 gxf4
46. gxf4 Ke6 47. Rg5 Kf6 48. Rg4 Kf5 49. Rxh4 a4 50. Kc5 Rc8+ 51. Kb4 a3 52.
Rg4 Rh8 53. Rg5+ Kf6 54. Rg3 Rh4 55. Kxa3 Rxf4 56. b4 Kf5 57. Kb3 g5 58. a4
bxa4+ 59. Kxa4 Rf1 60. c4 Kf4 61. Ra3 Rf3 62. Rxf3+ Kxf3 63. c5 Kg3 64. c6 1-0

[Event "Olimpiada de Khanty-Mansiysk 2010"]
[Site "Khanty-Mansiysk RUS"]
[Date "2010.09.24"]
[Round "4"]
[White "Dekker, Marvin"]
[Black "Sanon, Mondoly"]
[Result "1/2-1/2"]
[WhiteElo "2097"]
[BlackElo "2120"]
[PlyCount "60"]
[EventDate "2010.09.21"]
[EventType "team"]
[EventRounds "11"]
[EventCountry "RUS"]
[Source "lmi"]
[SourceDate "2010.09.21"]
[WhiteTeam "Antillas Holandesas"]
[BlackTeam "Haití"]
[WhiteTeamCountry "AHO"]
[BlackTeamCountry "HAI"]

1. c4 e5 2. Nc3 c5 3. Nf3 d6 4. g3 Nf6 5. Bg2 Be7 6. O-O Nc6 7. d3 O-O 8. Rb1
Be6 9. a3 h6 10. Ne1 Qd7 11. Nc2 Bh3 12. Ne3 Bxg2 13. Kxg2 Nh7 14. Ned5 f5 15.
e3 Bg5 16. b4 cxb4 17. axb4 Ne7 18. f4 Nxd5 19. Nxd5 exf4 20. exf4 Bf6 21. Bb2
Bxb2 22. Rxb2 Nf6 23. Nxf6+ Rxf6 24. Re1 Re8 25. Rbe2 Rfe6 26. Rxe6 Rxe6 27.
Rxe6 Qxe6 28. Qf3 b6 29. Qa8+ Kh7 30. Kf2 Qf6 1/2-1/2

[Event "Olimpiada de Khanty-Mansiysk 2010"]
[Site "Khanty-Mansiysk RUS"]
[Date "2010.09.24"]
[Round "4"]
[White "Izijk, Jimmy"]
[Black "Lebrun, Piersont"]
[Result "1/2-1/2"]
[WhiteElo "2062"]
[BlackElo "1956"]
[PlyCount "79"]
[EventDate "2010.09.21"]
[EventType "team"]
[EventRounds "11"]
[EventCountry "RUS"]
[Source "lmi"]
[SourceDate "2010.09.21"]
[WhiteTeam "Antillas Holandesas"]
[BlackTeam "Haití"]
[WhiteTeamCountry "AHO"]
[BlackTeamCountry "HAI"]

1. d4 Nf6 2. Nf3 d5 3. c4 e6 4. Nc3 Nbd7 5. e3 c6 6. Bd3 Bd6 7. O-O O-O 8. Qe2
dxc4 9. Bxc4 e5 10. e4 exd4 11. Nxd4 Ne5 12. h3 Nxc4 13. Qxc4 Re8 14. Re1 Nd7
15. Nf3 Ne5 16. Qe2 Nxf3+ 17. Qxf3 Qh4 18. Bd2 Be6 19. e5 Bc7 20. Bf4 Rad8 21.
Rad1 Ba5 22. Bg3 Qh6 23. Rxd8 Rxd8 24. Rd1 Qg5 25. Ne4 Rxd1+ 26. Qxd1 Qg6 27.
Qd6 h6 28. Qb8+ Kh7 29. Nd6 Bb6 30. Qxb7 Qxg3 31. Qxb6 Qxg2+ 32. Kxg2 axb6 33.
a3 g5 34. Kg3 Kg6 35. b4 f5 36. f4 b5 37. Ne8 Bf7 38. Nd6 Be6 39. Ne8 Bf7 40.
Nd6 1/2-1/2

[Event "Olimpiada de Khanty-Mansiysk 2010"]
[Site "Khanty-Mansiysk RUS"]
[Date "2010.09.24"]
[Round "4"]
[White "Marcos, Joselito"]
[Black "Grassi, Enrico"]
[Result "1/2-1/2"]
[WhiteElo "2115"]
[BlackElo "2053"]
[PlyCount "93"]
[EventDate "2010.09.21"]
[EventType "team"]
[EventRounds "11"]
[EventCountry "RUS"]
[Source "lmi"]
[SourceDate "2010.09.21"]
[WhiteTeam "Papúa Nueva Guinea"]
[BlackTeam "San Marino"]
[WhiteTeamCountry "PNG"]
[BlackTeamCountry "SMR"]

1. Nf3 Nf6 2. d4 g6 3. Nc3 d6 4. Bg5 Bg7 5. Qd2 c6 6. e4 Bg4 7. Be2 a6 8. h3
Bxf3 9. Bxf3 Qc7 10. O-O Nbd7 11. Rfe1 e5 12. Rad1 O-O 13. Ne2 Rfe8 14. c3 exd4
15. Nxd4 Nc5 16. Qc2 h6 17. Bh4 Rad8 18. Rd2 d5 19. Bg3 Qc8 20. e5 Nfe4 21. Bg4
Qa8 22. Bf4 Nxd2 23. Qxd2 Kh7 24. h4 Ne6 25. Nxe6 fxe6 26. h5 g5 27. Qd3+ Kh8
28. Bd1 gxf4 29. Bc2 Kg8 30. Qh7+ Kf8 31. g3 Re7 32. gxf4 Ke8 33. f5 Kd7 34.
Qg6 exf5 35. Qd6+ Ke8 36. Qg6+ Kf8 37. Kh1 Qa7 38. Re3 b5 39. Bxf5 Rxe5 40. Rf3
Rxf5 41. Rxf5+ Kg8 42. Qe6+ Kh8 43. Rf7 Qa8 44. Rxg7 Kxg7 45. Qg6+ Kf8 46. Qf6+
Ke8 47. Qe6+ 1/2-1/2

[Event "Olimpiada de Khanty-Mansiysk 2010"]
[Site "Khanty-Mansiysk RUS"]
[Date "2010.09.24"]
[Round "4"]
[White "Cecchetti, Roberto"]
[Black "Press, Shaun"]
[Result "1/2-1/2"]
[WhiteElo "1930"]
[BlackElo "2093"]
[PlyCount "70"]
[EventDate "2010.09.21"]
[EventType "team"]
[EventRounds "11"]
[EventCountry "RUS"]
[Source "lmi"]
[SourceDate "2010.09.21"]
[WhiteTeam "San Marino"]
[BlackTeam "Papúa Nueva Guinea"]
[WhiteTeamCountry "SMR"]
[BlackTeamCountry "PNG"]

1. d4 Nf6 2. Nf3 g6 3. Bf4 Bg7 4. e3 O-O 5. Be2 d6 6. h3 c5 7. c3 Nc6 8. O-O
cxd4 9. cxd4 e5 10. dxe5 Nh5 11. Bh2 dxe5 12. Qxd8 Rxd8 13. g4 e4 14. Nd4 Nxd4
15. exd4 Bxd4 16. Rd1 Ng7 17. Nc3 e3 18. f3 Be6 19. Bf4 a6 20. Kf1 Rac8 21. Bd3
Bc4 22. Bxc4 Rxc4 23. Bxe3 Ne6 24. Bxd4 Rcxd4 25. Rxd4 Rxd4 26. Ke2 g5 27. Rd1
Rxd1 28. Kxd1 Nd4 29. Ke1 Nxf3+ 30. Kf2 Nd4 31. Ne4 Ne6 32. Nd6 b5 33. Ne4 Kf8
34. Ke3 Ke7 35. Kd2 f6 1/2-1/2

[Event "Olimpiada de Khanty-Mansiysk 2010"]
[Site "Khanty-Mansiysk RUS"]
[Date "2010.09.24"]
[Round "4"]
[White "Marko, Helmut"]
[Black "Righi, Ezio"]
[Result "0-1"]
[WhiteElo "2071"]
[BlackElo "2116"]
[PlyCount "128"]
[EventDate "2010.09.21"]
[EventType "team"]
[EventRounds "11"]
[EventCountry "RUS"]
[Source "lmi"]
[SourceDate "2010.09.21"]
[WhiteTeam "Papúa Nueva Guinea"]
[BlackTeam "San Marino"]
[WhiteTeamCountry "PNG"]
[BlackTeamCountry "SMR"]

1. Nf3 e6 2. g3 c5 3. c4 Nc6 4. Bg2 g6 5. O-O Bg7 6. d3 Nge7 7. Nc3 O-O 8. Bf4
d6 9. Qd2 Nf5 10. e4 Nfd4 11. Nxd4 Nxd4 12. Rab1 e5 13. Be3 Nc6 14. a3 Be6 15.
b4 b6 16. f4 Nd4 17. f5 gxf5 18. exf5 Nxf5 19. Bxa8 Qxa8 20. Rbe1 e4 21. Rxf5
Bxf5 22. Nd5 Bg6 23. dxe4 Qd8 24. Bg5 f6 25. Bf4 Re8 26. Nc3 f5 27. exf5 Rxe1+
28. Qxe1 Bxf5 29. Nd5 Bd4+ 30. Be3 Qe8 31. Kf2 Bg7 32. Bf4 Qxe1+ 33. Kxe1 Bd3
34. Bxd6 Bxc4 35. Ne3 Bc3+ 36. Kd1 Bb3+ 37. Ke2 cxb4 38. axb4 a5 39. bxa5 bxa5
40. Kd3 Bf6 41. Nc2 Kf7 42. Nd4 Bd5 43. g4 Kg6 44. Bf4 a4 45. Bc1 Bg5 46. Ba3
Kf6 47. Bd6 Bc1 48. Kc2 Bg5 49. Kd3 Kf7 50. Ba3 Be7 51. Bxe7 Kxe7 52. h4 a3 53.
g5 a2 54. Nc2 Ke6 55. Kd4 Bb3 56. Na1 Bd1 57. Ke4 Bh5 58. Nb3 Bg6+ 59. Kf4 Kd5
60. Kg4 Kc4 61. Na1 Kc3 62. h5 Bd3 63. g6 hxg6 64. h6 g5 0-1

[Event "Olimpiada de Khanty-Mansiysk 2010"]
[Site "Khanty-Mansiysk RUS"]
[Date "2010.09.24"]
[Round "4"]
[White "Volpinari, Danilo"]
[Black "Jones, Rupert"]
[Result "1-0"]
[WhiteElo "2054"]
[BlackElo "1953"]
[PlyCount "177"]
[EventDate "2010.09.21"]
[EventType "team"]
[EventRounds "11"]
[EventCountry "RUS"]
[Source "lmi"]
[SourceDate "2010.09.21"]
[WhiteTeam "San Marino"]
[BlackTeam "Papúa Nueva Guinea"]
[WhiteTeamCountry "SMR"]
[BlackTeamCountry "PNG"]

1. d4 Nf6 2. Bg5 d6 3. Bxf6 exf6 4. e3 g6 5. g3 Bg7 6. Bg2 c6 7. Ne2 Nd7 8. c4
f5 9. Nbc3 O-O 10. b4 Nf6 11. O-O Re8 12. Rc1 Ne4 13. Qd3 Qe7 14. Rc2 Bh6 15.
Nd1 Bd7 16. Nec3 Rad8 17. Re2 Bc8 18. b5 d5 19. c5 Qc7 20. a4 Qa5 21. Rb2 Qc7
22. Rb3 Bg7 23. Ne2 b6 24. cxb6 axb6 25. bxc6 Qxc6 26. Nb2 Bd7 27. Rc1 Qd6 28.
h4 Ra8 29. Nc3 Nxc3 30. Rcxc3 Bxa4 31. Nxa4 Rxa4 32. Qb5 Ra1+ 33. Bf1 Qe6 34.
Qxb6 Qe4 35. Qb5 h5 36. Qd3 Qg4 37. Kg2 Qd1 38. Qxd1 Rxd1 39. Rb5 Ra8 40. Rxd5
Rd2 41. Bc4 Bf6 42. Rd7 Rf8 43. Rb3 f4 44. Kf3 fxg3 45. fxg3 Rc2 46. Bd5 Rc1
47. Rbb7 Bg7 48. Ke2 Rc2+ 49. Kd3 Rf2 50. Be4 Bh6 51. Ra7 Rb8 52. Bd5 Rf8 53.
Ra2 Rf1 54. Ke2 Rf6 55. Raa7 g5 56. hxg5 Bxg5 57. Ra1 Kg7 58. Rh1 Rh6 59. e4 h4
60. gxh4 Rxh4 61. Rxh4 Bxh4 62. e5 Kg6 63. Kf3 Be1 64. Ke4 Ba5 65. Bc4 Bb4 66.
Rb7 Ba3 67. Rb6+ Kg7 68. Rf6 Bb4 69. d5 Bc3 70. d6 Ba5 71. Kd5 Bd8 72. Rf1 Ba5
73. Ba2 Bd8 74. Kc6 Ba5 75. d7 Bd8 76. Rg1+ Kh6 77. Rb1 Be7 78. Rb7 Bg5 79. Rc7
Kg6 80. Bb1+ Kg7 81. Rc8 Bh4 82. Rxf8 Kxf8 83. Kc7 Kg7 84. d8=Q Bxd8+ 85. Kxd8
Kf8 86. Bf5 Kg7 87. Ke7 Kh8 88. Bd7 Kg7 89. Be8 1-0

[Event "Olimpiada de Khanty-Mansiysk 2010"]
[Site "Khanty-Mansiysk RUS"]
[Date "2010.09.24"]
[Round "4"]
[White "Celis, Solomon B"]
[Black "Chipanga, Chiletso"]
[Result "0-1"]
[WhiteElo "1985"]
[BlackElo "2138"]
[PlyCount "78"]
[EventDate "2010.09.21"]
[EventType "team"]
[EventRounds "11"]
[EventCountry "RUS"]
[Source "lmi"]
[SourceDate "2010.09.21"]
[WhiteTeam "Macao"]
[BlackTeam "MAW"]
[WhiteTeamCountry "MAC"]

1. d4 d5 2. c4 c6 3. e3 Nf6 4. Nf3 e6 5. b3 Nbd7 6. Bd3 Bd6 7. Bb2 Ne4 8. O-O
O-O 9. Nbd2 f5 10. Ne5 Rf6 11. f4 Nxd2 12. Qxd2 Rh6 13. Qf2 Nf6 14. Rac1 Bxe5
15. fxe5 Ng4 16. Qg3 Nxh2 17. Rf4 Kh8 18. Ba3 g5 19. Rf2 Bd7 20. Bd6 Ng4 21.
Rf3 Rh4 22. cxd5 cxd5 23. Rc7 Rc8 24. Rxb7 Qe8 25. Bc5 Qh5 26. Kf1 Nh2+ 27. Kf2
Nxf3 28. Rxd7 Nh2 29. Be2 Ng4+ 30. Ke1 Qg6 31. Kd2 Rh1 32. Bd3 Ra1 33. Rxa7 Qh5
34. Kc3 Qh1 35. Bc2 Re1 36. Kd2 Rxe3 37. Qxe3 Nxe3 38. Kxe3 Qxg2 39. b4 Qxc2
0-1

[Event "Olimpiada de Khanty-Mansiysk 2010"]
[Site "Khanty-Mansiysk RUS"]
[Date "2010.09.24"]
[Round "4"]
[White "Kirby, Peter J"]
[Black "Faulks, Nick"]
[Result "0-1"]
[WhiteElo "2031"]
[BlackElo "2109"]
[PlyCount "94"]
[EventDate "2010.09.21"]
[EventType "team"]
[EventRounds "11"]
[EventCountry "RUS"]
[Source "lmi"]
[SourceDate "2010.09.21"]
[WhiteTeam "Islas del Canal"]
[BlackTeam "Bermuda"]
[WhiteTeamCountry "GCI"]
[BlackTeamCountry "BER"]

1. e4 c5 2. Nf3 e6 3. c3 d5 4. exd5 Qxd5 5. d4 Nf6 6. Na3 cxd4 7. Nb5 Qd8 8.
Bf4 Nd5 9. Bxb8 Rxb8 10. Nbxd4 a6 11. g3 Bc5 12. Bg2 O-O 13. O-O Qc7 14. Re1 b5
15. Rc1 Bb7 16. Qe2 Qb6 17. Nb3 Be7 18. Ne5 Rbd8 19. Rcd1 Bf6 20. Ng4 Bxc3 21.
Bxd5 Bxe1 22. Bxb7 Bxf2+ 23. Nxf2 Qxb7 24. Nc5 Qc6 25. Nce4 Rd5 26. Rxd5 Qxd5
27. Nc3 Qd4 28. Kf1 h6 29. Qe4 Qd2 30. Qe2 Rd8 31. Qxd2 Rxd2 32. Ncd1 f5 33.
Ke1 Rc2 34. h3 Kf7 35. g4 Kf6 36. gxf5 exf5 37. Nd3 Rc4 38. Kf2 g5 39. Kg3 h5
40. a3 h4+ 41. Kg2 g4 42. hxg4 fxg4 43. Ne3 Rd4 44. Nc5 a5 45. Kg1 Ke5 46. Nb7
Kf4 47. Ng2+ Ke5 0-1

[Event "Olimpiada de Khanty-Mansiysk 2010"]
[Site "Khanty-Mansiysk RUS"]
[Date "2010.09.24"]
[Round "4"]
[White "Bacchas, Clevert"]
[Black "Cummins, John"]
[Result "1/2-1/2"]
[WhiteElo "1871"]
[BlackElo "1882"]
[PlyCount "71"]
[EventDate "2010.09.21"]
[EventType "team"]
[EventRounds "11"]
[EventCountry "RUS"]
[Source "lmi"]
[SourceDate "2010.09.21"]
[WhiteTeam "Bermuda"]
[BlackTeam "Islas del Canal"]
[WhiteTeamCountry "BER"]
[BlackTeamCountry "GCI"]

1. Nf3 d5 2. d4 Nf6 3. e3 Bg4 4. c4 e6 5. Nc3 c6 6. c5 Nbd7 7. Bd3 Be7 8. O-O
e5 9. Be2 e4 10. Nd2 Bxe2 11. Qxe2 O-O 12. b4 Re8 13. a4 a6 14. Nb3 h6 15. f3
Bf8 16. Bd2 Re7 17. f4 Nh7 18. Be1 Re8 19. g4 Be7 20. Qg2 Rf8 21. f5 Ng5 22.
Nd2 Bf6 23. Ne2 Re8 24. a5 Rc8 25. Bg3 Be7 26. Nf4 Nf6 27. h4 Nf3+ 28. Nxf3
exf3 29. Qxf3 Ne4 30. Ra2 Bxh4 31. Bxh4 Qxh4 32. Rh2 Qg3+ 33. Qxg3 Nxg3 34. Rf3
Ne4 35. Re2 Ng5 36. Rf1 1/2-1/2

[Event "Olimpiada de Khanty-Mansiysk 2010"]
[Site "Khanty-Mansiysk RUS"]
[Date "2010.09.24"]
[Round "4"]
[White "Brookfield, Toby"]
[Black "Cooper, Gary"]
[Result "0-1"]
[WhiteElo "1782"]
[BlackElo "1886"]
[PlyCount "80"]
[EventDate "2010.09.21"]
[EventType "team"]
[EventRounds "11"]
[EventCountry "RUS"]
[Source "lmi"]
[SourceDate "2010.09.21"]
[WhiteTeam "Islas del Canal"]
[BlackTeam "Bermuda"]
[WhiteTeamCountry "GCI"]
[BlackTeamCountry "BER"]

1. e4 c5 2. Nf3 d6 3. d4 cxd4 4. Nxd4 Nf6 5. Nc3 a6 6. f4 Nbd7 7. a4 e6 8. Nf3
Qc7 9. Bd3 b6 10. Be3 Bb7 11. O-O Be7 12. Kh1 Rc8 13. Qe2 Ra8 14. Rad1 h5 15.
Bf2 Nc5 16. Bh4 Ng4 17. Bxe7 Qxe7 18. Bc4 h4 19. Ng5 Nf6 20. f5 Rh5 21. Nxf7
Qxf7 22. fxe6 Qg6 23. Bd5 Bxd5 24. exd5 Nce4 25. Rd3 Ng3+ 26. Rxg3 hxg3 27. h3
Re5 28. Qc4 Kf8 29. Qc6 Rd8 30. Qxb6 Qe8 31. Qd4 Kg8 32. Qd3 Qh5 33. Qxg3 Rg5
34. e7 Rd7 35. Qe3 Re5 36. Ne4 Rxe4 37. Qd3 Rdxe7 38. Qxa6 Re1 39. Kg1 Rxf1+
40. Kxf1 Qxd5 0-1

[Event "Olimpiada de Khanty-Mansiysk 2010"]
[Site "Khanty-Mansiysk RUS"]
[Date "2010.09.24"]
[Round "4"]
[White "Simmons, Kennedy"]
[Black "Rowe, Peter"]
[Result "0-1"]
[WhiteElo "1499"]
[BlackElo "2012"]
[PlyCount "86"]
[EventDate "2010.09.21"]
[EventType "team"]
[EventRounds "11"]
[EventCountry "RUS"]
[Source "lmi"]
[SourceDate "2010.09.21"]
[WhiteTeam "Bermuda"]
[BlackTeam "Islas del Canal"]
[WhiteTeamCountry "BER"]
[BlackTeamCountry "GCI"]

1. e4 d6 2. Nf3 Nf6 3. Nc3 e5 4. h3 Be7 5. Bc4 h6 6. d3 c6 7. a3 a5 8. Be3 b5
9. Ba2 Nbd7 10. Qd2 Qc7 11. Ne2 d5 12. Qc1 dxe4 13. Nh4 exd3 14. cxd3 Nb6 15.
O-O Nbd5 16. Bd2 Be6 17. Ng3 Qc8 18. Nf3 Bd6 19. Re1 Qc7 20. Nf1 Kf8 21. Ne3
Re8 22. b4 a4 23. d4 e4 24. Ne5 Rc8 25. Qb2 Nd7 26. Rac1 Nxe5 27. Nxd5 Bxd5 28.
Bxd5 Nd3 29. Rxc6 Qxc6 30. Bxc6 Nxb2 31. Bxe4 Nc4 32. Bb7 Rb8 33. Bc6 Nxd2 34.
d5 g6 35. g4 Nf3+ 36. Kf1 Nxe1 37. Kxe1 Bxb4+ 38. axb4 a3 39. d6 a2 40. d7
a1=Q+ 41. Ke2 Qd4 42. Kf3 Qc3+ 43. Kg2 Qxc6+ 0-1